000 01110nam a2200229Ia 4500
001 L240-13059
003 IT-CnALBA
008 170116s9999||||xx |||||||||||||| ||und||
040 _aIT-CnALBA
_cIT-CnALBA
041 _aITALIANO
100 _aBERTETTO D. DOMENICO, SDB.
245 0 _aSACERDOZIO CATTOLICO E SACRAMENTO DELL'ORDINE.
250 _a1a ed.
260 _aCINISELLO BALSAMO (MI)
_bEDIZIONI PAOLINE
_c1956 [1° Ed.:1956 - Ed.Ling.Originale: 1956]
300 _a165 p. (prefazione: 9)
500 _aSACERDOZIO MISTICO DI GESÙ E DEI FEDELI. SACERDOZIO MARIANO. VISIBILE E GERARCHICO. SACRAMENTO. GLI ORDINI MINORI: MATERIA E FORMA. EFFETTI. SOGGETTO. MINISTRO. PROBLEMA VOCAZIONARIO.
501 _aSocietà San Paolo EM - Piazza San Paolo, 14 - 12051 ALBA (CN) (non commercial uses only) ® Copyright 2017
520 _aSACERDOZIO MISTICO DI GESÙ E DEI FEDELI. SACERDOZIO MARIANO. VISIBILE E GERARCHICO. SACRAMENTO. GLI ORDINI MINORI: MATERIA E FORMA. EFFETTI. SOGGETTO. MINISTRO. PROBLEMA VOCAZIONARIO.
650 _aTEOLOGIA SPIRITUALE CRISTIANA
942 _cBK
957 _71
999 _a17812
_bNO
_g Copie: 1
_c272235
_d272235